| 000 | 00763nac a22002657a 4500 | ||
|---|---|---|---|
| 001 | BR7805529 | ||
| 003 | BR-BrBNA | ||
| 005 | 20240105114302.0 | ||
| 008 | 230509b bl.|||m| |||| 00| 0 por d | ||
| 040 |
_aBR-BrBNA _bpor _cBiblioteca Nacional de Agricultura |
||
| 072 | _aP12 | ||
| 090 | _aP12 BR7805529 | ||
| 100 | 1 | _aFaria, O.L. de | |
| 245 | 1 | _aOs acudes dos sertoes do serido [Rio Grande do Norte; Brasil] | |
| 260 | 3 |
_aNatal, RN (Brasil): _bFundacao Jose Augusto, _c1978. |
|
| 300 | _a48 p. | ||
| 490 |
_aColecao Mossoroense (Brazil) _vv. 56 _x |
||
| 500 | _a16 ref. | ||
| 650 | _aIRRIGACAO | ||
| 650 | _aACUDE | ||
| 650 | _aSERIDO | ||
| 650 | _aRIO GRANDE DO NORTE | ||
| 909 |
_a202312 _bLúcia Elande _c55 _dLúcia Elande |
||
| 942 |
_2AGRIS _n0 _cMS |
||
| 999 |
_c268459 _d268459 |
||